Rückblick 2025 - Länder zuordnen (Europa) - Statistiken

Allgemein
  • Dieses Quiz wurde 84 mal gespielt
    69 seit der letzten Aktualisierung
  • Das Durchschnittsergebnis liegt bei 10 aus 15
Antwortstatistiken
Hint Antwort % Korrekt
Kronjuwelen werden tagsüber während eines 8-minütigen Einbruchs aus einem Museum in diesem Land gestohlen Frankreich
92%
Da der Großteil der Opposition verboten ist, wird Alexander Lukaschenko als Präsident wiedergewählt, ein Amt, das er seit 1994 innehat. Belarus
90%
Zum ersten Mal in der Geschichte dieses Landes scheitert ein Kanzlerkandidat im ersten Wahlgang Deutschland
83%
Mithilfe von Drohnen greift dieses Land Ölinfrastruktur im Schwarzen und Kaspischen Meer an Ukraine
81%
Hier werden Stechmücken entdeckt, bisher das einzige Land, in dem sie nicht vorkamen Island
73%
Durch den Austritt der PVV, veranlasst durch Geert Wilders, zerbricht die Koalition des Kabinettes Schoof Niederlande
73%
Auf dem Campus Risbergska findet ein Amoklauf mit 11 Toten statt Schweden
70%
Dieses Land führt für die Einreise von EU-Bürgern das ETA-Visum Vereinigtes Königreich
70%
Bei der Entgleisung einer Standseilbahn in der Hauptstadt des Landes sterben 16 Menschen Portugal
67%
Dieses Land plant den Baubeginn einer Brücke über die Straße von Messina, nur um dieses Vorhaben einige Monate später abzubrechen Italien
62%
Ein ganzes Dorf wird durch eine Schutt- und Eislawine verschüttet, kann jedoch vorher evakuiert werden Schweiz
60%
Es kommt in diesem Land zu einem kompletten Stromausfall, der 12 Stunden lang andauerte Spanien
52%
Ein Messerangriff und ein Amoklauf an einer Schule erschüttern dieses Land und sorgen für Debatten um Waffenbesitz und Immigration Österreich
48%
Beim Brand eines Nachtklubs sterben 62 Menschen Nordmazedonien
41%
Dieses Land ist das 39., das die gleichgeschlechtliche Ehe einführt Liechtenstein
30%
Keine übereinstimmenden Quizze gefunden
Verteilung der Resultate
Anzahl Personen mit jedem Resultat
Perzentil nach korrekt beantworteten Fragen
Ihre Resultats-Entwicklung
Sie haben dieses Quiz seit der letzten Aktualisierung nicht gespielt